Documento firmado el 26 de enero de 1826. (Record no. 4610)

MARC details
000 -CABECERA
campo de control de longitud fija 01296nam a2200301 a 4500
001 - NÚMERO DE CONTROL
campo de control BRCA_4916
005 - FECHA Y HORA DE LA ÚLTIMA TRANSACCIÓN
campo de control 20190320204846.0
008 - DATOS DE LONGITUD FIJA--INFORMACIÓN GENERAL
campo de control de longitud fija 201010s1826----mx-#######---#000-0#spa-#
041 ## - CÓDIGO DE LENGUA
Código de lengua del texto/banda sonora o título independiente spa
044 ## - CÓDIGO DEL PAÍS DE LA ENTIDAD EDITORA/PRODUCTORA
Código MARC del país mx
084 ## - OTRO NÚMERO DE CLASIFICACIÓN
Número de clasificación DOC9
Número de documento/Ítem .D63
-- 1826
245 10 - MENCIÓN DE TÍTULO
Título Documento firmado el 26 de enero de 1826.
260 ## - PUBLICACIÓN, DISTRIBUCIÓN, ETC.
Lugar de publicación, distribución, etc. México
Fecha de publicación, distribución, etc. 1826
300 ## - DESCRIPCIÓN FÍSICA
Extensión [1] foja
Dimensiones 31 x 21 cm.
500 ## - NOTA GENERAL
Nota general Documento dirigido al Ministro de Relaciones Exteriores, en respuesta al cumplimiento de su orden de no permitir el desembarco en Veracruz del Coronel Carlos Beneski, por motivo de los acontecimientos de Padilla (Tamaulipas) con el General Iturbide.
500 ## - NOTA GENERAL
Nota general Al margen inscripción que dice: ´GOBIERNO DEL ESTADO LIBRE DE MEXICO´.
500 ## - NOTA GENERAL
Nota general El documento contiene la leyenda DOC. #18.
500 ## - NOTA GENERAL
Nota general Papel con marca de agua.
506 0# - NOTA DE RESTRICCIONES AL ACCESO
Limitaciones de acceso Fondo Reservado. Para su consulta es necesario credencial de usuario y carta de motivos.
546 ## - NOTA DE LENGUA/LENGUAJE
Nota de lengua/lenguaje Texto en: español de principios del siglo XIX.
600 14 - PUNTO DE ACCESO ADICIONAL DE MATERIA--NOMBRE DE PERSONA
Nombre de persona Beneski, Carlos
Títulos y otros términos asociados al nombre Coronel
9 (RLIN) 12449
650 14 - PUNTO DE ACCESO ADICIONAL DE MATERIA--TÉRMINO DE MATERIA
Término de materia o nombre geográfico como elemento de entrada Exiliados
Subdivisión geográfica México
9 (RLIN) 12450
651 #4 - PUNTO DE ACCESO ADICIONAL DE MATERIA--NOMBRE GEOGRÁFICO
Nombre geográfico México
Subdivisión general Historia
Subdivisión cronológica Primeros gobiernos independientes, 1821-1824
9 (RLIN) 12451
700 1# - PUNTO DE ACCESO ADICIONAL--NOMBRE DE PERSONA
Nombre de persona Iturbide, Agustín de
Fechas asociadas al nombre 1783-1824
9 (RLIN) 12452
700 1# - PUNTO DE ACCESO ADICIONAL--NOMBRE DE PERSONA
Nombre de persona Beneski, Carlos
9 (RLIN) 12453
902 ## - CATALOGADOR
Iniciales FDH
942 ## - ELEMENTOS DE PUNTO DE ACCESO ADICIONAL (KOHA)
Fuente del sistema de clasificación o colocación Library of Congress Classification
Tipo de ítem Koha Documentos
Holdings
Estado de retiro Estado de pérdida Estado dañado No para préstamo Localización permanente Ubicación/localización actual Fecha de adquisición Total de préstamos Signatura topográfica completa Código de barras Fecha visto por última vez Precio válido a partir de Tipo de ítem Koha
El ejemplar forma parte de la colección y puede ser consultado según las políticas vigentes.       Biblioteca del Museo Franz Mayer (Rogerio Casas-Alatriste) Biblioteca del Museo Franz Mayer (Rogerio Casas-Alatriste) 20/10/2010   DOC9 .D63 1826 4977 22/03/2019 22/03/2019 Documentos